000 01707nam a2200421 i 4500
001 150205
003 FlNmELB
005 20241217182455.0
006 m o d |
007 cr cnu||||||||
008 140915s2007 ag o 000 0 spa d
020 _a9781449234850 (e-book)
020 _z9789871228485
035 _a(MiAaPQ)EBC3223652
035 _a(Au-PeEL)EBL3223652
035 _a(CaPaEBR)ebr10914305
035 _a(OCoLC)1105920442
040 _aFINmELB
_bspa
_erda
_cFINmELB
050 4 _aBF173
_b.A441 2007
082 0 _a616.8917
_223
100 1 _aAllouch, Jean.
245 1 3 _aEl psicoan{acute}alisis, A es un ejercicio espiritual? :
_brespuesta a Michel Foucault /
_cJean Allouch ; traducci{acute}on de Silvio Mattoni.
264 1 _aBuenos Aires :
_bEl cueco de plata,
_c2007.
300 _a1 recurso en l{acute}inea (121 p{acute}aginas)
336 _atexto
_btxt
_2rdacontent/spa
337 _acomputadora
_bc
_2rdamedia/spa
338 _arecurso en l{acute}inea
_bcr
_2rdacarrier/spa
490 1 _aTeor{acute}ia y ensayo
588 _aDescripci{acute}on basada en recurso en l{acute}inea; T{acute}itulo de la p{acute}agina del t{acute}itulo en PDF (e-libro, visto September 15, 2013).
590 _aRecurso electr{acute}onico. Santa Fe, Arg.: e-libro, 2015. Disponible v{acute}ia World Wide Web. El acceso puede estar limitado para las bibliotecas afiliadas a e-libro.
650 0 _aPsychoanalysis.
650 4 _aPsicoan{acute}alisis.
655 4 _aLibros electr{acute}onicos.
700 1 _aMattoni, Silvio,
_etraductor.
797 2 _ae-libro, Corp.
830 0 _aTeor{acute}ia y ensayo.
856 4 0 _uhttps://elibro.net/ereader/politecnicointernacional/76424
999 _c150205
_d150205